01254cam a22003257a 4500003000500000005001700005008004100022010001000063011001000073035001000083040000900093090001000102100004700112245011100159260004100270300002200311502012900333590003700462590004100499590004100540590004100581590004200622650003300664650003300697901000700730942001000737949003600747999001700783952012800800CHAP20220329140323.0971013s1970 r 00010 d a50336 a51308 a55458 cCHAP aTesis00aPissani Zúñiga, Juan Francisco.988566 0aAnálisis de flujos unitarios para melgas de dimensión constante, en siembras de trigo en Apodaca, N.L. a(Monterrey, N.L.) :bEl autor,c1970 a80 h.b: gráfs. aTesis (M.C. Esp. en Uso y Conservación del Agua) -- ITESM. Div. de Ciencias Agropecuarias y Marítimas. Esc. de Graduados aALEPHb10c20130110lUCH01h1324 aBATCH-UPDb10c20130110lUCH01h0543 aBATCH-UPDb10c20130410lUCH01h0224 aBATCH-UPDb10c20130914lUCH01h1915 aCONVERSIONb10c20130109lUCH01h132714aTrigoxIrrigación.911505014aTrigoxNuevo León.9115069 aBK cTESIS bBCcTESd-121650eTS1i55458si c50336d50336 00102local4051708TESISaBCbBCcPA_TESISd2012-12-17fTESISl0oTesisp-121650r2019-12-31 00:00:00w2019-12-31yTESIS